| 000 | 00396nam a22001571a 4500 | ||
|---|---|---|---|
| 001 | 11836 | ||
| 003 | OSt | ||
| 005 | 20260204212259.0 | ||
| 008 | 131126s1993||||dr ||||||b||||||||||spa|| | ||
| 082 | _aRD 238.2 C358i | ||
| 245 | _aCatesismo de la iglesia catolica | ||
| 264 | _aSanto Domingo : Corripio | ||
| 300 | _a702 P | ||
| 650 | _aCATESISMO 2.IGLESIA - CATESISMO Y CREDOĆ | ||
| 942 |
_2ddc _cBK |
||
| 999 |
_c11836 _d11836 |
||